|
|
|
|
| LEADER |
01127nam a2200325 a 4500 |
| 001 |
000563173 |
| 003 |
CZ BrMZK |
| 005 |
20120111074743.0 |
| 007 |
ta |
| 008 |
010907s2001 xr g f cze d |
| 015 |
|
|
|a cnb000888337
|
| 020 |
|
|
|a 80-242-0505-X
|
| 035 |
|
|
|a (OCoLC)50346789
|
| 040 |
|
|
|a BOA001
|b cze
|
| 072 |
|
7 |
|a 821.111(73)-3
|x Americká próza
|2 Konspekt
|9 25
|
| 080 |
|
|
|a 821.111(73)-31
|2 MRF
|
| 080 |
|
|
|a (0:82-31)
|2 MRF
|
| 100 |
1 |
|
|a Hoag, Tami,
|d 1959-
|7 xx0022696
|4 aut
|
| 245 |
1 |
0 |
|a Planý poplach /
|c Tami Hoag ; [z angličtiny přeložila Marie Kohoutová]
|
| 250 |
|
|
|a Vyd. 1.
|
| 260 |
|
|
|a V Praze :
|b Knižní klub,
|c 2001
|
| 300 |
|
|
|a 527 s. ;
|c 21 cm
|
| 500 |
|
|
|a Vydavatel: Euromedia Group
|
| 655 |
|
7 |
|a americké romány
|7 fd131796
|2 czenas
|
| 700 |
1 |
|
|a Kohoutová, Marie
|7 mzk2011667354
|
| 765 |
0 |
|
|t Cry wolf
|
| 856 |
4 |
1 |
|u http://www.digitalniknihovna.cz/mzk/uuid/uuid:e9ccc630-de44-11e2-9923-005056827e52
|y Digitalizovaný dokument
|x NDK
|
| 910 |
|
|
|a BOA001
|b 2-1086.449
|
| 990 |
|
|
|a BK
|
| 996 |
6 |
|
|b 2610136627
|c 2-1086.449
|l MZK
|r Sklad / do 1 hodiny
|n 1
|p p.v.
|w 000563173
|u 000010
|a 1
|e BOA001
|j MZK50
|s P
|